00882 2200325 4500001002100000005001500021035002000036007000300056040001600059100002100075245004600096300003900142020002200181041000800203082001400211084002000225090001800245264003700263336002100300337003000321338002300351850001000374008004100384250001300425650001500438700003400453990002300487990002300510990002300533INLIS00000000000481720260523110251 a0010-0122000449ta aSPBUPDbind0 aHamkaePengarang1 aTenggelamnya Kapal Van der Wijck /cHamka axii, 256 hal. :billus. ;c20,5 cm a978-602-250-416-0 aind a899.221.3 a899.221.3 HAM t a342 UUD u 9-6 a.--jakarta :bGema Insani,c2017 2rdacontentaTeks 2rdamediaaTanpa Perantara 2rdacarrieraVolume aPUPAD260523 0  a.-cet. 1 4aumum-novel0 apenyunting, MaskahePengarang a36.026/BR/DPK/2021 a36.024/BR/DPK/2021 a36.025/BR/DPK/2021